States and Provinces of the Rocky Mountains (With a Map) - Statistics

General Stats
  • This quiz has been taken 277 times
  • The average score is 8 of 8
Answers on the Map
Answers color-coded by a green-red scale on the quiz's map according to % correct below.
 
Answer Stats
Answer % Correct
Colorado
99%
New Mexico
99%
Utah
99%
Wyoming
99%
Idaho
98%
Montana
98%
British Columbia
94%
Alberta
93%
No matching quizzes found
Score Distribution
Percent of People with Each Score
Percentile by Number Answered
Your Score History
You have not taken this quiz